| 000 | 00598nam a2200205 a 4500 | ||
|---|---|---|---|
| 001 | 000874431 | ||
| 003 | AM-YeHGA | ||
| 005 | 20250617145230.0 | ||
| 008 | 120314s1974 ru r 000 0 rus d | ||
| 040 | _aAM-YeHGA | ||
| 041 | 0 | _arus | |
| 100 | 1 | _aПрусс, Андрей Григорьевич | |
| 245 | 1 | 0 |
_aГруша / _cА.Г. Прусс. |
| 260 |
_aЛ. : _bКолос, _c1974. |
||
| 300 |
_a80 с. : _bрис., табл. ; _c20 см. |
||
| 440 | 0 | _aБиблиотечка садовода | |
| 650 | 1 | 4 | _aСадоводство |
| 650 | 1 | 4 | _aПлодоводство |
| 090 | _c310155 | ||
| 999 |
_c308444 _d308444 |
||